| 000 | 00552nam a22001937a 4500 | ||
|---|---|---|---|
| 003 | LK-CoMWRAF | ||
| 005 | 20231206130335.0 | ||
| 008 | 230925b2006 |||||||| |||| 00| 0 eng d | ||
| 020 | _a9781933405902 | ||
| 040 |
_aLK-CoMWRAF _dLK-CoMWRAF _eLK-CoMWRAF |
||
| 041 | _aeng | ||
| 082 |
_a650.1 _bFOR |
||
| 110 | _aFortune | ||
| 245 |
_aSecrets of greatness: _b advice from the world's top CEO's and entrepreneurs |
||
| 260 |
_a New York: _bFortune Books, _c2006 |
||
| 300 |
_a240 p. 18 cm _bIndex included |
||
| 650 | _aSUCCESS IN BUSINESS | ||
| 942 | _cBK | ||
| 999 |
_c3659 _d3659 |
||